Statistics for Austrian State Capitals with a Map

Click here to take the quiz!

General Stats

  • This quiz has been taken 193 times
  • The average score is 8 of 9

Answers on the Map

Answers color-coded by a green-red scale on the quiz's map according to % correct below.
 

Answer Stats

StateCapital% Correct
ViennaVienna
99%
SalzburgSalzburg
96%
TyrolInnsbruck
93%
StyriaGraz
92%
Upper AustriaLinz
87%
CarinthiaKlagenfurt
82%
VorarlbergBregenz
73%
BurgenlandEisenstadt
69%
Lower AustriaSt. Pölten
69%

Score Distribution

Percentile by Number Answered

Percent of People with Each Score

Your Score History

You have not taken this quiz